000 00448nam a22001577a 4500
999 _c60710
_d60710
005 20231011154543.0
008 231011s1986 sp ||||| |||| 00| 0 slo d
041 _aslo
080 _a069 K-48
100 _aKirigin, Branko
_920063
245 _aOtok Vis u helenizmu.
_cBranko Kirigin.
264 _aLjubljana,
_c1986.
300 _a44 p.:
_bill.;
_c21 cm.
653 _aკუნძული ვისი ელინისში
942 _2udc
_cBK